000 00942nam0a2200301 4500
001 RU\NLR\bibl\828452
005 20260406063134.0
021 _aRU
_b2005-35170
_91755
035 _a(NLR Aleph) 000817333
090 _a1279072
_c1279072
100 _a20050805d2005 |||y0rusy50 ca
101 0 _arus
102 _aRU
105 _aa |||||||||
200 1 _aПризыв
_dPrizyv
_fСандр Рига
210 _aРига
_c[б.и.]
_d2005
215 _a376 с.,[8] л. ил.
_cил.
_d21
300 _aАвт. также на англ. яз.: Sandr Riga
510 0 _6z77790
_aPrizyv
_zeng
686 _aШ6(2=Р)6-4
700 1 _4070
_8rus
_7ca
_aРига
_bС.
_f1939-
_gСандр
_3RU\NLR\auth\7713244
_9122939
790 1 _4070
_8lav
_7ba
_aRiga
_bS.
_f1939-
_gSandr
_3RU\NLR\auth\7727316
_910351
801 0 _aRU
_bNLR
_c20050805
_grcr
801 1 _aRU
_bNLR
_c20050805
942 _cBOOK
980 _aNB